000 00351nam a2200133Ia 4500
008 240624s9999 xx 000 0 und d
041 _aeng
082 _a828 WOL
100 _aWOLMAR CHRISTIAN
245 _aRAILWAYS AND THE RAJ HOW THE AGE OF STEA
260 _c2017
_aNew Delhi
_bAtlantic Books
300 _axiii, 368 p.; 23 cm.
365 _cRS
_b30
999 _c30333
_d30333